|
|
|
|
| LEADER |
00000nab a2200000 a 4500 |
| 001 |
vtls000085395 |
| 003 |
SK-MaSNL |
| 005 |
20260304070610.0 |
| 008 |
250423c1980 xo 0 slo |
| 015 |
|
|
|a SNBRB19rr/mm-uuuuu
|
| 035 |
|
|
|a CL0095497
|
| 035 |
|
|
|a urn:nbn:sk:snk-ab6qb1
|
| 035 |
|
|
|a (uuid)708a83eb-398a-417a-bc36-b1952f502339
|
| 035 |
|
|
|a (urnnbn)urn:nbn:sk:snk:ar-a057wg
|
| 035 |
|
|
|a (sysno)vtls000085395
|
| 040 |
|
|
|a SNKBUCL
|b slo
|c SNKBUCL
|e AACR2
|
| 041 |
0 |
|
|a slo
|
| 044 |
|
|
|a xo
|c SK
|
| 080 |
|
|
|a 301.15
|2 1981
|
| 080 |
|
|
|a 631
|2 1981
|
| 100 |
1 |
|
|a Bauch, Vladislav
|4 aut
|9 1326037
|
| 245 |
1 |
0 |
|a Vývin socialistickej triednej a sociálnej štruktúry v slovenskom poľnohospodárstve
|c Vladislav Bauch ; Vlastislav Bauch
|
| 300 |
|
|
|b Tb. 6. Res. rus., angl.
|
| 650 |
0 |
7 |
|a obyvateľstvo poľnohospodárske
|2 snkbucl
|9 1352483
|
| 650 |
0 |
7 |
|a poľnohospodárstvo
|2 snkbucl
|9 679
|
| 650 |
0 |
7 |
|a štruktúra sociálno-triedna
|2 snkbucl
|9 939452
|
| 655 |
|
7 |
|a články z novín a časopisov
|2 snkbucl
|9 267496
|
| 700 |
1 |
|
|a Bauch, Vlastislav,
|d 1926-
|4 aut
|9 308239
|
| 773 |
0 |
|
|t Ekonomický časopis
|g Roč. 28, č. 10 (1980), s. 948-958
|
| 850 |
|
|
|a Slovenská národná knižnica
|
| 852 |
|
|
|a Slovenská národná knižnica
|
| 954 |
|
|
|a odborná, vedecká literatúra pôvodná (slovenská)
|2 lita
|
| 958 |
|
|
|a article27
|
| 958 |
|
|
|a RK
|
| 958 |
|
|
|a OND
|
| 958 |
|
|
|a EUIPO
|
| 992 |
|
|
|a RBX
|
| 999 |
|
|
|c 2756366
|d 2758296
|